Электронный плотномер

Détails bibliographiques
Auteur principal: Сорокин В. Б. Владимир Борисович
Collectivité auteur: Томский политехнический институт (ТПИ) Научно-исследовательский институт электронной интроскопии
Résumé:опубл. 15.12.85
Изобретение относится к области измерения плотности материалов радиационными методами.
Langue:russe
Publié:
Sujets:
Accès en ligne:http://www1.fips.ru/fips_servl/fips_servlet?DB=RUPAT&rn=5752&DocNumber=1135286&TypeFile=html
Format: MixedMaterials Électronique Livre
KOHA link:https://koha.lib.tpu.ru/cgi-bin/koha/opac-detail.pl?biblionumber=640770

MARC

LEADER 00000nlm0a2200000 4500
001 640770
005 20231101134130.0
029 1 0 |a RU  |b 1135286  |c А. с.  |d МПК G 01 N 9/24 
035 |a (RuTPU)RU\TPU\network\5343 
035 |a RU\TPU\network\5341 
039 0 |a RU  |b 3602871  |c 19830606 
090 |a 640770 
100 |a 20150424j19851215k y0rusy50 ca 
101 0 |a rus 
102 |a RU 
105 |a a k 000zy 
135 |a drcn ---uucaa 
181 0 |a i  
182 0 |a b 
200 1 |a Электронный плотномер  |f В. Б. Сорокин  |g Томский политехнический институт (ТПИ), Научно-исследовательский институт электронной интроскопии 
203 |a Текст  |c электронный 
300 |a опубл. 15.12.85 
330 |a Изобретение относится к области измерения плотности материалов радиационными методами. 
610 1 |a патенты 
610 1 |a труды учёных ТПУ 
610 1 |a изобретения 
610 1 |a авторские свидетельства 
610 1 |a плотномеры 
610 1 |a радиационные методы 
700 1 |a Сорокин  |b В. Б.  |c физик  |c старший научный сотрудник Томского политехнического университета  |f 1946-  |g Владимир Борисович  |2 stltpush  |3 (RuTPU)RU\TPU\pers\28148 
712 0 2 |a Томский политехнический институт (ТПИ)  |b Научно-исследовательский институт электронной интроскопии  |2 stltpush  |3 (RuTPU)RU\TPU\col\12415 
801 1 |a RU  |b 63413507  |c 20120201 
801 2 |a RU  |b 63413507  |c 20160607  |g RCR 
856 4 |u http://www1.fips.ru/fips_servl/fips_servlet?DB=RUPAT&rn=5752&DocNumber=1135286&TypeFile=html 
942 |c CF